000 00319nam a22001457a 4500
008 221111b ||||| |||| 00| 0 eng d
020 _a9780412036514
041 _aeng
080 _a575
082 _a575 HUD
100 _a13
101 _aCHEMI
245 _aTHE HISTORY OF CHEMISTRY
_cHUDSON J
942 _2udc
_cBK
999 _c58861
_d58861